Arquitectura egipcia /

Vistas aéreas y explicaciones sobre los significados religiosos de la arquitectura egipcia. Aspectos técnicos.

Guardado en:
Formato: Deslizar
Materias:
Etiquetas: Agregar Etiqueta
Sin Etiquetas, Sea el primero en etiquetar este registro!
LEADER 00811ngm a22002415g 4500
001 CEM.cems021710
008 130507b1991##################0###0#####d
005 20240904165856.0
245 0 0 |a Arquitectura egipcia / 
300 |a 60 
500 |a En soporte VHS, consultar en ventanilla. 
520 |a Vistas aéreas y explicaciones sobre los significados religiosos de la arquitectura egipcia. Aspectos técnicos. 
538 |a Soporte: VHS - Norma: Pal N - Color - Grabación DRD 1991 - Hitachi=2530 
082 7 5 |. 06/TRU 
653 |a ARTE 
653 |a ARQUITECTURA 
653 |a EGIPTO-HISTORIA 
653 |a EGIPTO 
653 |a HISTORIA 
653 |a EGIPTO-ARQUITECTURA 
653 |a EGIPTO-ARTE 
653 |a NIVEL SECUNDARIO 
859 |a CEMS  |b BIB. CEMS - Depto. Recursos Didacticos  |h 759.06  |i TRU  |k DRD  |p 353.12  |t Ej.1